| 000 | 00298nam a22001097a 4500 | ||
|---|---|---|---|
| 082 |
_a001 _bPRA _cL-NUST, P-47 |
||
| 100 |
_aPrakash, Ved _936427 |
||
| 245 |
_aEnrich Your General Knowledge _cPrakash, Ved |
||
| 260 |
_aDelhi _bDreamland |
||
| 526 |
_a0 _b0 _c0 _d001_000000000000000_PRA |
||
| 942 |
_2ddc _cBK |
||
| 999 |
_c550135 _d550135 |
||